Library Banner

Making of Pakistan : The military perspective (Record no. 4386)

MARC details
000 -LEADER
fixed length control field 00394nam a2200169Ia 4500
001 - CONTROL NUMBER
control field 4169
008 - FIXED-LENGTH DATA ELEMENTS--GENERAL INFORMATION
fixed length control field 140318s9999 xx 000 0 und d
040 ## - CATALOGING SOURCE
Transcribing agency PK-LaUMT
082 ## - DEWEY DECIMAL CLASSIFICATION NUMBER
Classification number 954.03
Item number NOO-M
100 ## - MAIN ENTRY--PERSONAL NAME
Personal name Noor-ul-Haq
245 ## - TITLE STATEMENT
Title Making of Pakistan : The military perspective
Statement of responsibility, etc Noor-ul-Haq
260 ## - PUBLICATION, DISTRIBUTION, ETC. (IMPRINT)
Date of publication, distribution, etc 1993
300 ## - PHYSICAL DESCRIPTION
Extent 332 p.
546 ## - LANGUAGE NOTE
Language note EN
650 ## - SUBJECT ADDED ENTRY--TOPICAL TERM
Topical term or geographic name as entry element India-History
942 ## - ADDED ENTRY ELEMENTS (KOHA)
Koha item type Books
Holdings
Withdrawn status Lost status Damaged status Not for loan Home library Current library Date acquired Total Checkouts Full call number Barcode Date last seen Price effective from Koha item type
        UMT Main Campus UMT Main Campus 2014-03-18   954.03 NOO-M 4659 2014-03-18 2014-03-18 Books